[Event "XX Open"]
[Site "Benidorm ESP"]
[Date "2007.04.25"]
[Round "4"]
[White "Salgado Allaria,C"]
[Black "Jankovic,A"]
[Result "0-1"]
[WhiteElo "2320"]
[BlackElo "2541"]

1.e4 c5 2.c3 Nf6 3.e5 Nd5 4.d4 cxd4 5.Nf3 Nc6 6.cxd4 d6 7.Bc4 e6 8.O-O Be7
9.Qe2 O-O 10.Rd1 Bd7 11.Nc3 Nxc3 12.bxc3 dxe5 13.dxe5 Qc7 14.Qe4 g6 15.Be3 Na5
16.Be2 Bc6 17.Qf4 Bxf3 18.Bxf3 Rac8 19.Bd4 b6 20.Qe4 Rfd8 21.h4 Nc4 22.h5 Nb2
23.Rd2 Na4 24.hxg6 hxg6 25.Rd3 Qc4 26.Re3 Bg5 27.Be2 Qd5 28.f4 Qxe4 29.Rxe4 Be7
30.Rc1 Rxd4 31.Rxd4 Bc5 32.Rd1 Nxc3 33.Kf1 Bxd4 34.Rxd4 Nxe2 35.Kxe2 Rc2+
36.Kf3 Rxa2 37.Rd8+ Kg7 38.g4 Ra3+ 39.Ke4 b5 40.Rb8 Ra4+ 41.Kf3 a6 42.Rb7 g5
43.f5 exf5 44.gxf5 Rf4+ 45.Kg3 Rxf5 46.e6 Rf6 47.e7 Re6  0-1

[Event "I Open Casino"]
[Site "Lugano SUI"]
[Date "2007.04.29"]
[Round "1"]
[White "Cherniaev,A1"]
[Black "Muheim,Sebastien"]
[Result "1-0"]
[WhiteElo "2487"]
[BlackElo "1959"]

1.e4 c5 2.c3 Nf6 3.e5 Nd5 4.Nf3 e6 5.Bc4 d6 6.d4 Nc6 7.O-O Be7 8.Qe2 O-O
9.Rd1 cxd4 10.cxd4 Nb6 11.Bb3 Qc7 12.Nc3 a6 13.Bf4 Rd8 14.Ne4 d5 15.Ng3 Qd7
16.Nh5 Bf8 17.h4 Qe7 18.Bg5 f6 19.exf6 Qf7 20.fxg7 Be7 21.Ne5 Nxe5 22.dxe5 Nd7
23.Bxe7 Qxe7 24.Rxd5  1-0

[Event "I Open Casino"]
[Site "Lugano SUI"]
[Date "2007.04.30"]
[Round "3"]
[White "Hrzica,R"]
[Black "Kogan,Ar"]
[Result "1/2-1/2"]
[WhiteElo "2288"]
[BlackElo "2566"]

1.e4 c5 2.c3 Nf6 3.e5 Nd5 4.d4 cxd4 5.cxd4 e6 6.Nc3 Nxc3 7.bxc3 d6 8.f4 dxe5
9.fxe5 Qh4+ 10.Ke2 Be7 11.Nf3 Qh5 12.Rg1 Bd7 13.g4 Qg6 14.Qd3 Bc6 15.Qxg6 hxg6
16.Bf4 Nd7 17.Bg2 Nb6 18.Ne1 Rc8 19.Rc1 Ba3 20.Bxc6+ Rxc6 21.Rc2 Nd5 22.Bg3 Rxc3
23.Rxc3 Nxc3+ 24.Kd3 Nd5 25.Nc2 Be7 26.Ne3 Nxe3 27.Kxe3 Kd7 28.Kd3 b5 29.Rb1 a6
30.a4 b4 31.a5 Rh3 32.Kc4 Kc6 33.g5 Bxg5 34.Rxb4 Bd8 35.Rb8 Rh8 36.Bf4 Re8
37.Bg5 Kd7 38.Bxd8 Rxd8 39.Rb7+ Ke8 40.Ra7 Rc8+ 41.Kd3 Rc6 42.Ra8+ Ke7 43.Ra7+ Ke8
44.Ra8+  1/2-1/2

[Event "I Open Casino"]
[Site "Lugano SUI"]
[Date "2007.05.01"]
[Round "5"]
[White "Cherniaev,A1"]
[Black "Pace,P"]
[Result "0-1"]
[WhiteElo "2487"]
[BlackElo "2220"]

1.e4 c5 2.c3 Nf6 3.e5 Nd5 4.Nf3 Nc6 5.Bc4 Nb6 6.Bb3 d6 7.exd6 e6 8.d4 Bxd6
9.O-O O-O 10.Re1 Qc7 11.Qe2 a6 12.Qe4 Ne7 13.Ng5 Ng6 14.h4 Re8 15.Nxh7 Kxh7
16.h5 f5 17.hxg6+ Kxg6 18.Qe3 c4 19.Bc2 Bd7 20.Qg5+ Kf7 21.Qh5+ g6 22.Qh7+ Kf6
23.g4 Bf4 24.Qh4+ Kg7 25.gxf5 Bxc1 26.f6+ Kf7 27.Rxc1 Rh8 28.Qg5 Rag8 29.Nd2 Bc6
30.Be4 Bxe4 31.Nxe4 Qh2+ 32.Kf1 Qh1+  0-1

[Event "TCh-RUS HL"]
[Site "Sochi RUS"]
[Date "2007.05.03"]
[Round "1"]
[White "Yudin,S"]
[Black "Anisimov,P"]
[Result "1/2-1/2"]
[WhiteElo "2511"]
[BlackElo "2497"]

1.e4 c5 2.c3 Nf6 3.e5 Nd5 4.Nf3 Nc6 5.d4 cxd4 6.cxd4 d6 7.Bc4 e6 8.O-O Be7
9.Qe2 O-O 10.Qe4 Bd7 11.Bd3 f5 12.exf6 Nxf6 13.Qe2 Qa5 14.Nc3 Qh5 15.Bf4 Qg4
16.Be3 Rae8 17.a3 Kh8 18.Rfe1 Nd5 19.h3 Qh5 20.Nxd5 exd5 21.Nh2 Qh4 22.Nf3 Qh5
23.Nh2 Qh4  1/2-1/2

[Event "12th Cvitanovic Mem A"]
[Site "Split CRO"]
[Date "2007.05.03"]
[Round "6"]
[White "Ljubicic,F"]
[Black "Bogosavljevic,B"]
[Result "1-0"]
[WhiteElo "2396"]
[BlackElo "2470"]

1.e4 c5 2.c3 Nf6 3.e5 Nd5 4.d4 cxd4 5.Nf3 Nc6 6.cxd4 d6 7.Bc4 Nb6 8.Bb5 Bd7
9.exd6 e6 10.Bg5 Qb8 11.Nc3 Bxd6 12.O-O O-O 13.Re1 Ne7 14.Bxe7 Bxe7 15.Bxd7 Nxd7
16.d5 Nc5 17.b4 Bf6 18.Rc1 Na6 19.dxe6 fxe6 20.Qb3 Kh8 21.Ne4 Be7 22.a3 Qf4
23.Nd4 Rac8 24.Rxc8 Rxc8 25.g3 Qe5 26.Qxe6 Qxe6 27.Nxe6 h6 28.Rd1 Nb8 29.Rd5 Kg8
30.Kg2 Rc6 31.Nd4 Rc4 32.Kf3 g6 33.h4 a5 34.bxa5 Ra4 35.h5 gxh5 36.Nf5 Rxa3+
37.Kg2 Nc6 38.Rb5 Kf7 39.Nfd6+ Ke6 40.Nxb7 h4 41.gxh4 Bxh4 42.Rh5 Be7 43.Rxh6+ Kd5
44.Nf6+ Bxf6 45.Rxf6 Rb3 46.Rd6+ Ke5 47.Rxc6 Rxb7 48.a6 Rg7+ 49.Kf3 Kd5 50.Rc2 Rf7+
51.Kg4 Ke4 52.Kg5 Rf5+ 53.Kg6 Ra5 54.Rc6 Ra2 55.Rf6 Ra1 56.f4 Ra2 57.Kf7 Kd5  1-0

[Event "2nd President's Cup"]
[Site "Baku AZE"]
[Date "2007.05.04"]
[Round "2"]
[White "Abasov,N"]
[Black "Safarli,E"]
[Result "0-1"]
[WhiteElo "2194"]
[BlackElo "2463"]

1.e4 c5 2.c3 Nf6 3.e5 Nd5 4.d4 cxd4 5.Qxd4 e6 6.Bc4 Nc6 7.Qe4 d6 8.Nf3 dxe5
9.Nxe5 Bd6 10.Nxc6 bxc6 11.O-O O-O 12.Bd3 f5 13.Qe2 e5 14.Bc4 Be6 15.Nd2 e4
16.Nf3 exf3 17.Qxe6+ Kh8 18.Bxd5 cxd5 19.g3 f4 20.Qxd5 Qc8 21.Qh5 g6 22.Qxf3 fxg3
23.Qe4 Re8 24.Qd5 gxf2+ 25.Kh1 Re5 26.Qxd6 Qb7+  0-1

[Event "TCh-RUS HL"]
[Site "Sochi RUS"]
[Date "2007.05.05"]
[Round "3"]
[White "Yuzhakov,O"]
[Black "Voitsekhovsky,S"]
[Result "0-1"]
[WhiteElo "2239"]
[BlackElo "2503"]

1.e4 c5 2.c3 Nf6 3.e5 Nd5 4.d4 cxd4 5.cxd4 e6 6.Nf3 d6 7.Bc4 Nb6 8.Bb5+ Bd7
9.Bxd7+ Qxd7 10.Nc3 Nc6 11.Qe2 d5 12.O-O Be7 13.Bf4 O-O 14.Rad1 Rfc8 15.g4 Bf8
16.Rfe1 Nc4 17.Ng5 h6 18.Nh3 g6 19.Bc1 Ne7 20.Nf4 Rc6 21.Rd3 Rac8 22.Rh3 b6
23.Nd3 Kh7 24.Nd1 Ng8 25.g5 R6c7 26.gxh6 Na5 27.Ne3 Nc6 28.Qg4 Nb4 29.Nxd5 Nxd3
30.Nc3 Nxe1 31.Qd1  0-1

[Event "FSIM May"]
[Site "Budapest HUN"]
[Date "2007.05.07"]
[Round "2"]
[White "Wilke,W"]
[Black "Mueller,Marku1"]
[Result "0-1"]
[WhiteElo "2253"]
[BlackElo "2147"]

1.e4 c5 2.c3 Nf6 3.e5 Nd5 4.d4 cxd4 5.Nf3 e6 6.cxd4 d6 7.a3 Bd7 8.Bd3 Bc6
9.O-O Be7 10.b4 a6 11.Re1 Nd7 12.Nbd2 Qc7 13.Bb2 dxe5 14.dxe5 Nf4 15.Bf1 O-O
16.Nd4 Rfd8 17.Qg4 Nxe5 18.Rxe5 Qxe5 19.Nxc6 Qxb2 20.Nxe7+ Kf8 21.Nb3 Qxb3
22.Qxf4 Kxe7 23.Qh4+ Kf8 24.Qxh7 Qc3 25.Rb1 g6 26.b5 axb5 27.Rxb5 Rab8 28.Qh4 Rd1
29.g3 Qd3  0-1

[Event "TCh-RUS HL"]
[Site "Sochi RUS"]
[Date "2007.05.08"]
[Round "6"]
[White "Yudin,S"]
[Black "Miroshnichenko,E"]
[Result "1/2-1/2"]
[WhiteElo "2511"]
[BlackElo "2646"]

1.e4 c5 2.c3 Nf6 3.e5 Nd5 4.Nf3 d6 5.d4 cxd4 6.cxd4 Nc6 7.Bc4 Nb6 8.Bb5 dxe5
9.Nxe5 Bd7 10.Nxd7 Qxd7 11.Nc3 Rd8 12.O-O a6 13.Bxc6 Qxc6 14.Be3 e6 15.Rc1 Nd5
16.Nxd5 Qxd5 17.Qa4+ Qd7 18.Qxd7+ Kxd7 19.d5 Bd6 20.dxe6+ Kxe6 21.Rfe1  1/2-1/2

[Event "Grand Prix Open"]
[Site "Galatzi ROM"]
[Date "2007.05.09"]
[Round "2"]
[White "Tufa,M"]
[Black "Nemeth,F"]
[Result "0-1"]
[WhiteElo "2095"]
[BlackElo "2430"]

1.e4 c5 2.c3 Nf6 3.f3 Nc6 4.Bb5 d5 5.e5 Nd7 6.d4 Qb6 7.Bxc6 bxc6 8.Ne2 Ba6
9.Qb3 e6 10.Be3 cxd4 11.cxd4 c5 12.Qxb6 axb6 13.Nbc3 cxd4 14.Bxd4 Bc5 15.f4 Ke7
16.a3 Rac8 17.Rd1 g5 18.g3 gxf4 19.gxf4 Rhg8 20.Kf2 f6 21.exf6+ Nxf6 22.Kf3 Ne4
23.Rhg1 Rxg1 24.Bxg1 Bxa3 25.Nxd5+ exd5  0-1

[Event "TCh-RUS HL"]
[Site "Sochi RUS"]
[Date "2007.05.10"]
[Round "8"]
[White "Batsanin,D"]
[Black "Poluljahov,A"]
[Result "1/2-1/2"]
[WhiteElo "2452"]
[BlackElo "2503"]

1.e4 c5 2.c3 Nf6 3.e5 Nd5 4.d4 cxd4 5.cxd4 d6 6.Nf3 e6 7.a3 Bd7 8.Bd3 Bc6
9.O-O Nd7 10.Re1 Be7 11.b4 a6 12.Nbd2 dxe5 13.dxe5 Nc3 14.Qc2 Rc8 15.Qxc3 Bxf3
16.Qd4 Bd5 17.Qg4 g6 18.Bb2 O-O 19.Ne4 a5 20.Qf4 Bxe4 21.Qxe4 axb4 22.axb4 Nb6
23.Ra7 Rc7 24.g3 Nd5 25.b5 Rd7 26.Bf1 Bc5 27.Raa1 Qb6 28.Qe2 Rfd8 29.Red1 Nb4
30.Rxd7 Rxd7 31.Ra3 Bd4 32.Bxd4 Qxd4 33.Qc4 Qxc4 34.Bxc4 Rd4 35.Bf1 Nd5 36.Ra8+ Kg7
37.Rb8 b6 38.h4 Rd1 39.Kg2 Rc1 40.Bd3 Rc5 41.Rb7 Rc7  1/2-1/2

[Event "Mitropa Cup Men"]
[Site "Szeged HUN"]
[Date "2007.05.10"]
[Round "3"]
[White "Skoberne,J"]
[Black "Bogner,S"]
[Result "1-0"]
[WhiteElo "2440"]
[BlackElo "2345"]

1.e4 c5 2.c3 Nf6 3.e5 Nd5 4.Nf3 Nc6 5.Bc4 Nb6 6.Bb3 c4 7.Bc2 Qc7 8.Qe2 g5
9.h3 Bg7 10.O-O Nxe5 11.Nxg5 d5 12.a4 h6 13.Nf3 Nbd7 14.Re1 e6 15.d4 cxd3
16.Bxd3 Nxd3 17.Qxd3 O-O 18.Be3 Nc5 19.Bxc5 Qxc5 20.Ne5 Qd6 21.f4 Bd7 22.Nd2 Rad8
23.Ndf3 Be8 24.Nd4 a5 25.Re3 Kh8 26.Rae1 Bxa4 27.f5 exf5 28.Nxf5 Qb6 29.Nxg7 Kxg7
30.Qf5 d4 31.Rg3+ Kh8 32.Nxf7+ Rxf7 33.Qxf7 dxc3+ 34.Kh2 Qd4 35.Re6  1-0

[Event "Mitropa Cup Women"]
[Site "Szeged HUN"]
[Date "2007.05.16"]
[Round "9"]
[White "Vajda,S"]
[Black "Hoolt,S"]
[Result "1-0"]
[WhiteElo "2407"]
[BlackElo "2226"]

1.e4 c5 2.c3 Nf6 3.e5 Nd5 4.d4 cxd4 5.Nf3 e6 6.cxd4 d6 7.Bc4 Nb6 8.Bd3 dxe5
9.Nxe5 Nc6 10.Nxc6 bxc6 11.Be3 Nd5 12.O-O Rb8 13.Qe2 Be7 14.Nc3 O-O 15.Na4 Qa5
16.b3 Nxe3 17.fxe3 c5 18.dxc5 Bxc5 19.Bxh7+ Kxh7 20.Qh5+ Kg8 21.Qxc5 Rb5
22.Qc3 Bb7 23.Qxa5 Rxa5 24.Rac1 Rd5 25.Nc5 Ba8 26.Rfd1 Rc8 27.b4 a5 28.Rxd5 Bxd5
29.bxa5 Kf8 30.Nd7+  1-0

[Event "EWS Cup"]
[Site "Jakarta INA"]
[Date "2007.05.18"]
[Round "6"]
[White "Karlovich,A"]
[Black "Zdebskaja,N"]
[Result "1/2-1/2"]
[WhiteElo "2266"]
[BlackElo "2335"]

1.e4 c5 2.c3 Nf6 3.e5 Nd5 4.d4 cxd4 5.Nf3 Nc6 6.cxd4 d6 7.Bc4 Nb6 8.Bb5 Bd7
9.exd6 e6 10.Bg5 Qb8 11.Nc3 Bxd6 12.O-O O-O 13.Re1 a6 14.Bd3 Nd5 15.Nxd5 exd5
16.Qb3 Be6 17.Rac1 Bf4 18.Bxf4 Qxf4 19.Rcd1 Rab8 20.h3 Rfe8 21.Bb1 Re7 22.Qd3 g6
23.Qe3  1/2-1/2

[Event "16th TCh-CRO"]
[Site "Sibenik CRO"]
[Date "2007.05.18"]
[Round "2"]
[White "Sermek,D"]
[Black "Ramesa,D"]
[Result "1/2-1/2"]
[WhiteElo "2523"]
[BlackElo "2265"]

1.e4 c5 2.c3 Nf6 3.e5 Nd5 4.Nf3 e6 5.d4 cxd4 6.cxd4 d6 7.Bc4 Nb6 8.Bd3 dxe5
9.dxe5 N8d7 10.Qc2 Nd5 11.a3 Nc5 12.Bc4 Nb6 13.Be2 Bd7 14.Nc3 Rc8 15.Bg5 Be7
16.Bxe7 Qxe7 17.Nb5 Bxb5 18.Bxb5+ Ncd7 19.Qe2 O-O 20.O-O Nd5 21.Rac1 a6 22.Bc4 N7b6
23.Bb3 Rc7 24.Qd2 Rfc8 25.Ng5 h6 26.Ne4 Qh4 27.Nd6 Rxc1 28.Rxc1 Rxc1+ 29.Qxc1 Qd4
30.g3 Qxe5 31.Nxb7 Qd4 32.Na5 Nf6 33.Nc6 Qd6 34.Bd1 Ne4 35.Be2 Na4 36.Bxa6 Qc5
37.Qxc5 Nexc5 38.Bb5 Nxb2 39.Kf1 Ne4 40.Ke1 Kf8 41.Nb4 Nd6 42.Bc6 Ke7 43.a4 Kd8
44.Kd2 Kc7 45.Kc2 Nbc4 46.Bf3 Ne5 47.Be2  1/2-1/2

[Event "Capo d'Orso"]
[Site "Porto Mannu PAL"]
[Date "2007.05.19"]
[Round "1"]
[White "Seger,R"]
[Black "Rombaldoni,Ax"]
[Result "1-0"]
[WhiteElo "2399"]
[BlackElo "2221"]

1.e4 c5 2.c3 Nf6 3.e5 Nd5 4.Nf3 Nc6 5.Bc4 Nb6 6.Bb3 d5 7.exd6 exd6 8.O-O Be7
9.d4 Bg4 10.h3 Bh5 11.Na3 O-O 12.g4 Bg6 13.Re1 cxd4 14.Nxd4 d5 15.Nab5 a6
16.Nxc6 bxc6 17.Nd4 Rc8 18.Bc2 Bf6 19.Bf4 Bxd4 20.cxd4 Qh4 21.Kg2 Bxc2 22.Qxc2 f5
23.Bg3 Qh6 24.gxf5 Rf6 25.b3 Rcf8 26.Re5 Qg5 27.Qe2 Rxf5 28.Rxf5 Qxf5 29.Rc1 Qc8
30.Qe7 Rf6 31.Re1 Rf7 32.Qd6 Rf6 33.Qe7 Rf7 34.Qg5 Nd7 35.Qg4 Qd8 36.Qe6 Qf6
37.Qe8+ Nf8 38.Rc1 Qxd4 39.Rxc6 Rf6 40.Rc7 Qd3 41.Qe3 Qf5 42.Qd4 Ne6 43.Rc8+ Rf8
44.Rxf8+ Nxf8 45.b4 h6 46.a4 Ne6 47.Qe5 Qf7 48.b5 axb5 49.axb5 d4 50.Qd6 Ng5
51.h4 Nf3 52.Qb8+ Kh7 53.Qf4 Nxh4+ 54.Qxh4 Qd5+ 55.Kg1 d3 56.Qa4 Qf3 57.Qf4 Qe2
58.Qf5+ Kh8 59.Be5 Kg8 60.Bc3 d2 61.Qd5+ Kh7 62.Bxd2 Qg4+ 63.Qg2 Qd1+ 64.Qf1 Qxd2
65.Qb1+ g6 66.b6 Qg5+ 67.Kf1 Qh5 68.Qb3 Qh1+ 69.Ke2 Qe4+ 70.Qe3 Qc4+ 71.Kf3 Qc6+
72.Kg3 Qd6+ 73.f4 Qd7 74.Qc3 Qd1 75.Kf2 h5 76.f5 gxf5 77.b7 Qd6 78.Qb3 Qb8
79.Qf7+ Kh6 80.Qf6+ Kh7 81.Qxf5+ Kh6 82.Qf6+ Kh7 83.Qe7+ Kg6 84.Kf3 h4 85.Qe6+ Kg7
86.Qg4+ Kf7 87.Qf4+  1-0

[Event "XXXVII Bosnia GMB"]
[Site "Sarajevo BIH"]
[Date "2007.05.19"]
[Round "1"]
[White "Ljubicic,F"]
[Black "Stojanovic,Da"]
[Result "1/2-1/2"]
[WhiteElo "2396"]
[BlackElo "2473"]

1.e4 c5 2.c3 Nf6 3.e5 Nd5 4.d4 cxd4 5.Nf3 e6 6.cxd4 d6 7.a3 Bd7 8.Bd3 Bc6
9.O-O Nd7 10.b4 a6 11.Nbd2 Nc3 12.Qb3 Rc8 13.Qxc3 Bxf3 14.Qb2 Bd5 15.Ne4 Bxe4
16.Bxe4 d5 17.Bd3 Be7 18.Qe2 g6 19.Rb1 Bg5 20.f4 Bh6 21.f5 Rxc1 22.Rbxc1 Bxc1
23.fxe6 fxe6 24.Rxc1 O-O 25.Qg4 Qb6 26.Bxg6 hxg6 27.Qxg6+ Kh8 28.Rd1 Qc6
29.Qh6+ Kg8 30.Qg6+ Kh8 31.Qh6+ Kg8  1/2-1/2

[Event "Capo d'Orso"]
[Site "Porto Mannu PAL"]
[Date "2007.05.20"]
[Round "2"]
[White "Seger,R"]
[Black "Shytaj,L"]
[Result "1/2-1/2"]
[WhiteElo "2399"]
[BlackElo "2451"]

1.e4 c5 2.c3 Nf6 3.e5 Nd5 4.Nf3 Nc6 5.Bc4 Nb6 6.Bb3 d5 7.exd6 Qxd6 8.Na3 Be6
9.d4 cxd4 10.Nb5 Qd7 11.Nbxd4 Nxd4 12.Nxd4 Bxb3 13.axb3 e5 14.Qe2 Bd6 15.O-O O-O
16.Nb5 a6 17.Nxd6 Qxd6 18.b4 Qe6 19.Re1 Rfe8 20.h3 h6 21.Qe4 Re7 22.Ra5 Rd8
23.Qc2 Nc4 24.Ra1 e4 25.Be3 f5 26.Rad1 Rxd1 27.Rxd1 Ne5 28.Bc5 Rd7 29.Rxd7 Qxd7
30.Bd4 Nd3 31.Qd2 Qe6 32.f3 b5 33.Qd1 Qg6 34.fxe4 fxe4 35.b3 Qf7 36.Qe2 Qd5
37.Qd1 Qf7 38.Qd2 Qe6 39.Qe2 Qf5 40.Qa2 Qg6 41.Kf1  1/2-1/2

[Event "3rd UKR Games Men"]
[Site "Evpatoria UKR"]
[Date "2007.05.22"]
[Round "3"]
[White "Kharchenko,B"]
[Black "Maximov,D"]
[Result "1-0"]
[WhiteElo "2436"]
[BlackElo "2482"]

1.e4 c5 2.c3 Nf6 3.e5 Nd5 4.d4 cxd4 5.Nf3 d6 6.Bc4 e6 7.cxd4 Nc6 8.O-O Be7
9.Qe2 O-O 10.Rd1 Na5 11.b3 b6 12.Bxd5 exd5 13.Nc3 Be6 14.Ba3 a6 15.Rac1 b5
16.Nb1 Re8 17.exd6 Bxd6 18.Bxd6 Qxd6 19.Qe5 Rad8 20.h3 f6 21.Qxd6 Rxd6 22.Rc5 Nc6
23.Nc3 Bf7 24.Kf1 g5 25.Rc1 Ne7 26.Re1 Kf8 27.a4 bxa4 28.Nxa4 Nc6 29.Rec1 Nb4
30.Rc7 Bg6 31.Nc5 Re7 32.Rxe7 Kxe7 33.Ke2 Rb6 34.Kd2 Kd6 35.Ra1 Bf5 36.Kc3 Bc8
37.Re1 Bd7 38.h4 h6 39.hxg5 hxg5 40.Rh1 g4 41.Rh6 gxf3 42.Rxf6+ Kc7 43.Rxb6 Kxb6
44.Nxd7+ Kc7 45.g4 Na2+ 46.Kb2 Nb4 47.Ne5 Kd6 48.Kc3 a5 49.Nxf3 Nc6 50.Ne5 Nd8
51.f4 Ne6 52.f5 Ng5 53.Kd3 Ne4 54.Ke3 Nc3 55.g5  1-0

[Event "Capo d'Orso"]
[Site "Porto Mannu PAL"]
[Date "2007.05.24"]
[Round "7"]
[White "Moos,G"]
[Black "Rombaldoni,D"]
[Result "0-1"]
[WhiteElo "2064"]
[BlackElo "2368"]

1.e4 c5 2.c3 Nf6 3.e5 Nd5 4.d4 cxd4 5.Nf3 Nc6 6.cxd4 d6 7.Bc4 Nb6 8.Bb3 dxe5
9.d5 Na5 10.Nc3 Nxb3 11.Qxb3 g6 12.Nxe5 Bg7 13.Bf4 O-O 14.O-O Bf5 15.Rfe1 Rc8
16.Rad1 Rc5 17.d6 Be6 18.dxe7 Qxe7 19.Qa3 Bxe5 20.Rxe5 Nd7 21.Rxd7 Rxe5 22.Bxe5 Qxa3
23.bxa3 Bxd7 24.Nd5 f5 25.Nf6+ Kf7 26.Nxh7 Rc8 27.Ng5+ Ke8  0-1

[Event "Capo d'Orso"]
[Site "Porto Mannu PAL"]
[Date "2007.05.24"]
[Round "7"]
[White "Seger,R"]
[Black "Potyavin,I"]
[Result "1-0"]
[WhiteElo "2399"]
[BlackElo "2046"]

1.e4 c5 2.c3 Nf6 3.e5 Nd5 4.Nf3 Nc6 5.Bc4 Nc7 6.O-O d5 7.exd6 Qxd6 8.d4 b5
9.Bb3 c4 10.Bc2 Be6 11.Nbd2 Bd5 12.Ne4 Bxe4 13.Bxe4 Nd5 14.Ne5 Rd8 15.f4 e6
16.a4 b4 17.Nxc4 Qc7 18.Qd3 g6 19.Bd2 Bg7 20.Ne5 f5 21.Bf3 Nxe5 22.fxe5 bxc3
23.bxc3 O-O 24.a5 Rd7 25.Rfb1 Rc8 26.Rb5 Qc4 27.Qxc4 Rxc4 28.Bxd5 exd5 29.e6 Re7
30.Rb8+  1-0

[Event "Capo d'Orso"]
[Site "Porto Mannu PAL"]
[Date "2007.05.25"]
[Round "8"]
[White "Orlov,And"]
[Black "Venturino,M"]
[Result "1-0"]
[WhiteElo "2447"]
[BlackElo "2176"]

1.e4 c5 2.c3 Nf6 3.e5 Nd5 4.d4 cxd4 5.Qxd4 e6 6.Nf3 Nc6 7.Qe4 f5 8.Qe2 Qc7
9.g3 Nde7 10.Na3 Ng6 11.Nb5 Qb8 12.h4 a6 13.h5 Ncxe5 14.Nxe5 Nxe5 15.Bf4 d6
16.Nd4 Qc7 17.O-O-O Be7 18.Bg2 Qc4 19.Rhe1 Qxe2 20.Rxe2 Bf6 21.Nf3 Bd7 22.Rxd6 Nc4
23.Rd1 O-O-O 24.b3 Na5 25.h6 gxh6 26.Be5 Bxe5 27.Nxe5 Bb5 28.Rxd8+ Rxd8 29.c4 Be8
30.b4 Nc6 31.Bxc6 bxc6 32.f4 Kc7 33.Kc2 a5 34.a3 axb4 35.axb4 Ra8 36.Kb2 Rd8
37.Kc3 Ra8 38.Kd4 Rd8+ 39.Kc5 Rd1 40.Re3 Rd8 41.Ra3 Kb7 42.Rd3 Rxd3 43.Nxd3 Kc7
44.Ne5 h5 45.Nf3 h6 46.Ne5 Bd7 47.b5 cxb5 48.cxb5 Be8 49.Nc4 Bd7 50.b6+ Kb8
51.Kd6 Bb5 52.Na5 Be2 53.Kxe6 Bg4 54.Kf6 h4 55.gxh4 h5 56.Ke5 Bh3 57.Kd6 Bg2
58.Kc5 Bh1 59.Nc4 Bf3 60.Nd6  1-0

[Event "10th IHEM"]
[Site "Hamburg GER"]
[Date "2007.05.26"]
[Round "1"]
[White "Albers,A"]
[Black "Stanke,J"]
[Result "0-1"]
[WhiteElo "1998"]
[BlackElo "2310"]

1.e4 c5 2.c3 Nf6 3.e5 Nd5 4.d4 cxd4 5.cxd4 d6 6.Nf3 e6 7.Bc4 Nc6 8.O-O Be7
9.Qe2 O-O 10.Qe4 Bd7 11.Rd1 Rc8 12.Bb3 Na5 13.Nbd2 Nb4 14.Nf1 Nxb3 15.axb3 Bc6
16.Qg4 Bxf3 17.Qxf3 Qb6 18.Be3 Nd5 19.Qe4 Qxb3 20.Rd2 dxe5 21.dxe5 a6 22.Bd4 Rc4
23.Qe2 Rfc8 24.Ne3 Rc1+ 25.Rd1 Rxa1 26.Rxa1 Nxe3 27.fxe3 Rc2 28.Qf3 Rc7 29.h3 g6
30.Rd1 Bg5 31.Kh1 Rd7 32.Rf1 Qd5 33.Qg4 Qc4  0-1

[Event "Capo d'Orso"]
[Site "Porto Mannu PAL"]
[Date "2007.05.26"]
[Round "9"]
[White "Popa,Cl"]
[Black "Rombaldoni,D"]
[Result "0-1"]
[WhiteElo "2167"]
[BlackElo "2368"]

1.e4 c5 2.c3 Nf6 3.e5 Nd5 4.d4 cxd4 5.cxd4 Nc6 6.Nf3 d6 7.Bc4 e6 8.O-O Be7
9.Qe2 O-O 10.Qe4 Qc7 11.Bd3 f5 12.exf6 Nxf6 13.Qe2 Nb4 14.Bc4 d5 15.Bb3 Nc6
16.Nc3 a6 17.Bg5 Ng4 18.g3 Bd6 19.Rad1 Qf7 20.h3 Qxf3 21.Qxf3 Rxf3 22.hxg4 Bd7
23.Rd2 Na5 24.Bd1 Rff8 25.Re2 Bb4 26.Bd2 Nc6 27.Nb1 Bd6 28.Bc3 b5 29.b3 b4
30.Bb2 Na7 31.Re3 Rac8 32.Rfe1 Nb5 33.g5 e5 34.dxe5 Bc5 35.Rf3 Bf5 36.Nd2 Nc3
37.Be2 Nxe2+ 38.Rxe2 Bg4 39.Kg2 Rxf3 40.Nxf3 Rf8 41.Rc2 Bxf3+  0-1

[Event "Okie A"]
[Site "Tulsa USA"]
[Date "2007.05.26"]
[Round "1"]
[White "Orton,W"]
[Black "Jones,K"]
[Result "1-0"]
[WhiteElo "2136"]
[BlackElo "2211"]

1.e4 c5 2.c3 Nf6 3.e5 Nd5 4.d4 cxd4 5.cxd4 d6 6.Nf3 Nc6 7.Bc4 Nb6 8.Bb3 d5
9.Nh4 e6 10.Nf3 Be7 11.O-O O-O 12.Nc3 f6 13.Bc2 fxe5 14.Nxe5 Nxe5 15.dxe5 Qe8
16.Qg4 Nc4 17.Qh3 g6 18.Qg3 Bd7 19.b3 Na5 20.Bd2 Rc8 21.Bd3 Nc6 22.Rad1 Nd4
23.Qg4 Nf5 24.Qh3 Bc5 25.Kh1 Bd4 26.Bxf5 Rxf5 27.f4 Qf8 28.Qd3 Bb6 29.Nb5 Bxb5
30.Qxb5 Rc2 31.a4 Rf7 32.Qd3 Qc8 33.g4 Qc6 34.a5 Be3 35.Qxe3  1-0

[Event "10th IHEM"]
[Site "Hamburg GER"]
[Date "2007.05.27"]
[Round "2"]
[White "Wiese,P"]
[Black "Bracker,F"]
[Result "0-1"]
[WhiteElo "1967"]
[BlackElo "2193"]

1.e4 c5 2.c3 Nf6 3.e5 Nd5 4.d4 cxd4 5.cxd4 d6 6.Bc4 Nb6 7.Bb3 dxe5 8.Qh5 e6
9.dxe5 Nc6 10.Nc3 g6 11.Qg5 Qxg5 12.Bxg5 Bg7 13.f4 h6 14.Bh4 g5 15.fxg5 Nxe5
16.O-O-O Bd7 17.Ne4 Bc6 18.Nd6+ Kf8 19.Nf3 Nxf3 20.gxf3 hxg5 21.Bg3 Bxf3
22.Rhf1 g4 23.Rd3 Nd5 24.Bd1 Bh6+  0-1

[Event "Okie Masters"]
[Site "Tulsa USA"]
[Date "2007.05.27"]
[Round "5"]
[White "Galant,S"]
[Black "Chua,A"]
[Result "0-1"]
[WhiteElo "2221"]
[BlackElo "2228"]

1.e4 c5 2.c3 Nf6 3.e5 Nd5 4.Nf3 e6 5.d4 cxd4 6.cxd4 d6 7.Nc3 Nc6 8.Nxd5 exd5
9.Bd3 Be7 10.exd6 Qxd6 11.h3 O-O 12.O-O Bf6 13.Re1 Be6 14.Bg5 Bxg5 15.Nxg5 h6
16.Nf3 Rac8 17.Rc1 Qf4 18.Bb1 Rfe8 19.Qd3 g6 20.Qe3 Qxe3 21.fxe3 Kg7 22.Rc3 Ne7
23.Rec1 Rxc3 24.Rxc3 Bf5 25.Bxf5 Nxf5 26.Kf2 Nd6 27.Nd2 Rc8 28.Rxc8 Nxc8
29.e4 dxe4 30.Nxe4 f5 31.Nc5 Nd6 32.Ke2 Kf6 33.Kd3 g5 34.a4 b6 35.Nd7+ Ke6
36.Ne5 Kd5 37.b4 a6 38.Nd7 b5 39.a5 Ne8 40.Nc5 Nc7 41.Nd7 Ke6 42.Nc5+ Kd5
43.Nd7 Kd6 44.Nc5 h5 45.Nb7+ Kd5 46.Nc5 h4 47.Nd7 Kd6 48.Ne5 Ne6 49.Ke3 Kd5
50.Nf3 Kc4 51.Nd2+ Kxb4 52.d5 Nd8 53.Kd4 Kxa5 54.Kc5 Nf7 55.Nb3+ Ka4 56.Nd4 b4
57.Nxf5 b3 58.Ne3 b2 59.Nd1 Kb3 60.Nxb2 Kxb2 61.Kb6 Kc3 62.Kxa6 Kd4  0-1

[Event "10th IHEM"]
[Site "Hamburg GER"]
[Date "2007.05.28"]
[Round "3"]
[White "Paridar,S"]
[Black "Atri,J"]
[Result "1-0"]
[WhiteElo "2225"]
[BlackElo "2077"]

1.e4 c5 2.c3 Nf6 3.e5 Nd5 4.d4 cxd4 5.cxd4 e6 6.Nf3 d6 7.Nc3 Nxc3 8.bxc3 Be7
9.Bd3 Qc7 10.Bd2 O-O 11.O-O h6 12.Qe2 b6 13.Qe4  1-0

[Event "Doroshkevich Mem"]
[Site "Belorechensk RUS"]
[Date "2007.05.29"]
[Round "1"]
[White "Kupin,V"]
[Black "Yandarbiev,R"]
[Result "0-1"]
[WhiteElo "2007"]
[BlackElo "2408"]

1.e4 c5 2.c3 Nf6 3.e5 Nd5 4.d4 cxd4 5.Nf3 Nc6 6.Bc4 Nb6 7.Bb3 d6 8.cxd4 dxe5
9.d5 Na5 10.Nc3 Nxb3 11.Qxb3 e6 12.Nxe5 exd5 13.Be3 Bd6 14.Bxb6 Qxb6 15.Qa4+ Kf8
16.O-O-O Bxe5 17.Rhe1 Qc7 18.Rxd5 Bf4+ 19.Kb1 Be6 20.Qb4+ Kg8 21.Rc5 Bd6
22.Rxc7 Bxb4 23.Rxb7 Bxc3 24.bxc3 h5 25.c4 Bxc4 26.Ree7 a6 27.Re5  0-1

[Event "Doroshkevich Mem"]
[Site "Belorechensk RUS"]
[Date "2007.06.01"]
[Round "4"]
[White "Cherniaev,A1"]
[Black "Udovichenko,N"]
[Result "1-0"]
[WhiteElo "2487"]
[BlackElo "2235"]

1.e4 c5 2.c3 Nf6 3.e5 Nd5 4.Nf3 Nc6 5.d4 cxd4 6.Bc4 Nb6 7.Bb3 d5 8.exd6 Qxd6
9.O-O Be6 10.Na3 Bxb3 11.Qxb3 dxc3 12.Nb5 Qb8 13.Ng5 Ne5 14.Rd1 h6 15.Qxc3 Nc6
16.Ne4 a6 17.Qe3 Ne5 18.Qxb6 axb5 19.Bf4 f6 20.Qxb5+ Kf7 21.Qb3+ Kg6 22.Nc5 Kh7
23.Nd7 Qe8 24.Bxe5 fxe5 25.Qxb7 g6  1-0

[Event "10th IHEM"]
[Site "Hamburg GER"]
[Date "2007.06.01"]
[Round "7"]
[White "Paridar,S"]
[Black "Lanka,Z"]
[Result "0-1"]
[WhiteElo "2225"]
[BlackElo "2482"]

1.e4 c5 2.c3 Nf6 3.e5 Nd5 4.d4 cxd4 5.Nf3 Nc6 6.cxd4 d6 7.Bc4 dxe5 8.dxe5 Ndb4
9.Qb3 e6 10.O-O Bd7 11.Qd1 Na5 12.Be2 Nd5 13.a3 Rc8 14.Bd3 Be7 15.Ra2 b5
16.b4 Nc4 17.Rc2 a5 18.bxa5 Qxa5 19.Qe2 O-O 20.Qe4 g6 21.h4 Ncb6 22.Bh6 Rfd8
23.Rxc8 Rxc8 24.Ng5 Qa4 25.Qf3 Qf4 26.Qh3 Qxe5 27.Nf3 Qd6 28.Rd1 Na4 29.Bf1 Nf4  0-1

[Event "FSGM June"]
[Site "Budapest HUN"]
[Date "2007.06.04"]
[Round "3"]
[White "Vajda,L"]
[Black "Haznedaroglu,K"]
[Result "1-0"]
[WhiteElo "2549"]
[BlackElo "2440"]

1.e4 c5 2.c3 Nf6 3.e5 Nd5 4.d4 cxd4 5.Nf3 Nc6 6.cxd4 d6 7.Bc4 Nb6 8.Bb5 dxe5
9.Nxe5 Bd7 10.Nxd7 Qxd7 11.Nc3 e6 12.O-O Be7 13.Qg4 O-O 14.Bxc6 bxc6 15.Bh6 Bf6
16.Rfd1 Rfd8 17.Ne4 Qe7 18.Rd3 Kh8 19.Bg5 Bxg5 20.Nxg5 Rd5 21.Rg3 h6 22.Nf3 f6
23.Re1 Re8 24.Rxe6  1-0